| 000 | 00442cam a2200145 a 4500 | ||
|---|---|---|---|
| 020 | _a0070595712 | ||
| 050 | 0 | 0 |
_aHF1017 _b.S63 |
| 100 | 1 | _aSobol, Marion Gross. | |
| 245 | 1 | 0 |
_aStatistics for business and economics : _ban action learning approach / _cMarion Gross Sobol, Martin K. Starr. |
| 260 |
_aNew York : _bMcGraw-Hill, _cc1983. |
||
| 300 | _a 522 p. : | ||
| 650 | 0 | _xStatistical methods. | |
| 700 | 1 | _aStarr, Martin K. | |
| 942 |
_2lcc _cGEN |
||
| 999 |
_c5041 _d5041 |
||